000 00492nam a22001697a 4500
003 NUST - PNEC
005 20170116180937.0
008 150906b xxu||||| |||| 00| 0 eng d
020 _a0195084241
040 _cLIBRARY
082 _a621.367 BOO
100 _98591
_aBoone, Bradley G.
245 _aSignal processing using optics : Fundamentals, devices, architectures, and applications
_cBradley G. Boone
260 _cc.1998
650 _98593
_aSignal processing
_xEL
942 _2ddc
_cBK
999 _c66082
_d66082